| 000 | 01424nam a2200421 i 4500 | ||
|---|---|---|---|
| 001 | 1419 | ||
| 003 | KOSZ 005 | ||
| 005 | 20210112132146.0 | ||
| 008 | 020821s1977 pl a f |001 0 pol | ||
| 015 | _aPB 1977/10063 | ||
| 035 | _a(OCoLC)830345976 | ||
| 040 |
_aWA N _cWA N _dKOSZ 005/EC _dKOSZ 005/HR |
||
| 041 | 0 | _apol | |
| 046 | _k1977 | ||
| 080 | _a621.77 | ||
| 080 | _a621.9 | ||
| 080 | _a539.3/.6 | ||
| 100 | 1 |
_aMorawiecki, Marian _d(1916-2002) _eAutor |
|
| 245 | 1 | 0 |
_aTeoretyczne podstawy technologicznych procesów przeróbki plastycznej / _cMarian Morawiecki, Lucjan Sadok, Eugeniusz Wosiek. |
| 260 |
_aKatowice : _b"Śląsk", _c1977. |
||
| 300 |
_a507 s. : _bil., tab., wykr. ; _c21 cm. |
||
| 336 |
_2rdacontent _aTekst _btxt |
||
| 337 |
_2rdamedia _aBez urządzenia pośredniczącego _bn |
||
| 338 |
_2rdacarrier _aWolumin _bnc |
||
| 380 | _aKsiążki | ||
| 380 | _aPublikacje naukowe | ||
| 388 | _a1901-2000 | ||
| 388 | _a1945-1989 | ||
| 504 | _aBibliogr. rzy rozdz. - Indeksy. | ||
| 650 | 4 | _aMetale | |
| 650 | 4 | _aObróbka plastyczna | |
| 658 | _aInżynieria i technika | ||
| 700 | 1 |
_aSadok, Lucjan _d(1941-1995) _eAutor |
|
| 700 | 1 |
_aWosiek, Eugeniusz _d(1918-1993) _eAutor |
|
| 710 | 2 |
_aWydawnictwo "Śląsk" _4pbl. |
|
| 856 |
_uhttp://koha.tu.koszalin.pl/cgi-bin/koha/opac-detail.pl?biblionumber=1419 _yKatalog online BPK |
||
| 942 |
_2UKD _cKS |
||
| 999 |
_c1419 _d1419 |
||